00961nam a2200241 a 450000100100000000500170001000800410002704000250006808200150009310000200010824500770012825000110020526000690021630000200028549000720030549000450037750400300042283000760045283000520052804900090058095201130058999900170070200002412120250924073802.0110119s1985 dr 000 0 spa d aDO-SdBNPbspacBNPHU axxxbP348m1 aPaz, Ida94953414aLos medios masivo de comunicación en la lucha ideológica /cIda Paz. a2a ed. aSanto Domingo :bUniversidad Autónoma de Santo Domingo,c1985. a46 p. ;c22 cm.1 aPublicaciones de la Universidad Autónoma de Santo Domingovv. 3651 aCuaderno de Comunicación Socialvno. 1 aBibliografía : p. 45-46 aPublicaciones de la Universidad Autónoma de Santo Domingovv. 365952 0aCuaderno de Comunicación Socialnno. 1949535 aBNPD 0010718PDaPDbPDcCTd2011-01-19iLF1l0oxxx P348mp24121-10r2020-06-25w2020-06-25yLFPDZNo se presta c23615d23615